Art of happiness (Record no. 240498)
[ view plain ]
| 000 -LEADER | |
|---|---|
| fixed length control field | 01424nam a22002537a 4500 |
| 005 - DATE AND TIME OF LATEST TRANSACTION | |
| control field | 20250927094527.0 |
| 008 - FIXED-LENGTH DATA ELEMENTS--GENERAL INFORMATION | |
| fixed length control field | 250924b |||||||| |||| 00| 0 eng d |
| 020 ## - INTERNATIONAL STANDARD BOOK NUMBER | |
| International Standard Book Number | 9780340750155 |
| 040 ## - CATALOGING SOURCE | |
| Transcribing agency | AL |
| 041 ## - LANGUAGE CODE | |
| Language code of text/sound track or separate title | English |
| 082 ## - DEWEY DECIMAL CLASSIFICATION NUMBER | |
| Classification number | 294.3 |
| Item number | LAMA |
| 100 ## - MAIN ENTRY--PERSONAL NAME | |
| Personal name | Dalai Lama |
| 100 ## - MAIN ENTRY--PERSONAL NAME | |
| 9 (RLIN) | 240728 |
| 245 ## - TITLE STATEMENT | |
| Title | Art of happiness |
| Remainder of title | : a handbook for living |
| 260 ## - PUBLICATION, DISTRIBUTION, ETC. | |
| Place of publication, distribution, etc. | London |
| Name of publisher, distributor, etc. | Yellow Kite |
| Date of publication, distribution, etc. | 2017 |
| 300 ## - PHYSICAL DESCRIPTION | |
| Extent | xvii,269p. |
| Other physical details | PB |
| Dimensions | 20x13cm. |
| 365 ## - TRADE PRICE | |
| Price amount | ₹499.00 |
| Currency code | ₹ |
| Unit of pricing | ₹499.00 |
| 520 ## - SUMMARY, ETC. | |
| Summary, etc. | In this unique and important book<br/> one of the world's great spiritual leaders offers his practical wisdom and advice on how we can overcome everyday human problems and achieve lasting happiness.The Art of Happiness is a highly accessible guide for a western audience, combining the Dalai Lama's eastern spiritual tradition with Dr Howard C. Cutler's western perspective. Covering all key areas of human experience, they apply the principles of Tibetan Buddhism to everyday problems and reveal how one can find balance and complete spiritual and mental freedom.For the many who wish to understand more about the Dalai Lama's approach to living, there has never been a book which brings his beliefs so vividly into the real world. |
| 650 ## - SUBJECT ADDED ENTRY--TOPICAL TERM | |
| Topical term or geographic name entry element | Philosophy and Religion |
| 9 (RLIN) | 240321 |
| 650 ## - SUBJECT ADDED ENTRY--TOPICAL TERM | |
| Topical term or geographic name entry element | Self-realization |
| 9 (RLIN) | 240322 |
| 650 ## - SUBJECT ADDED ENTRY--TOPICAL TERM | |
| Topical term or geographic name entry element | Happiness |
| 9 (RLIN) | 240323 |
| 650 ## - SUBJECT ADDED ENTRY--TOPICAL TERM | |
| Topical term or geographic name entry element | Buddhism |
| 9 (RLIN) | 240324 |
| 700 ## - ADDED ENTRY--PERSONAL NAME | |
| Personal name | Cutler,Howard C |
| 9 (RLIN) | 240325 |
| 942 ## - ADDED ENTRY ELEMENTS (KOHA) | |
| Source of classification or shelving scheme | Dewey Decimal Classification |
| Koha item type | Donated Books |
| Withdrawn status | Lost status | Source of classification or shelving scheme | Damaged status | Not for loan | Collection code | Home library | Current library | Shelving location | Date acquired | Cost, normal purchase price | Total Checkouts | Full call number | Barcode | Date last seen | Cost, replacement price | Price effective from | Koha item type |
|---|---|---|---|---|---|---|---|---|---|---|---|---|---|---|---|---|---|
| Dewey Decimal Classification | Others | St Aloysius Library | St Aloysius Library | Stack Section | 09/15/2025 | 499.00 | 294.3 LAMA | D06345 | 09/24/2025 | 499.00 | 09/24/2025 | Donated Books |